[Event "BL2-Nord 0405"]
[Site "Germany"]
[Date "2005.02.13"]
[Round "7.8"]
[White "Stellwagen, Robin"]
[Black "Westphal, Matthias"]
[Result "1-0"]
[WhiteElo "2101"]
[BlackElo "2243"]
[PlyCount "74"]
[EventDate "2004.10.24"]
[EventType "team-tourn"]
[EventRounds "9"]
[EventCountry "GER"]
[SourceTitle "EXT 2007"]
[Source "ChessBase"]
[SourceDate "2006.11.23"]
[SourceVersion "1"]
[SourceVersionDate "2006.11.23"]
[SourceQuality "1"]
[WhiteTeam "Hamburger SK II"]
[BlackTeam "Werder Bremen II"]
[WhiteTeamCountry "GER"]
[BlackTeamCountry "GER"]

1. e4 e6 2. d4 d5 3. Nc3 Bb4 4. e5 Qd7 5. Bd2 b6 6. f4 Ba6 7. Bxa6 Nxa6 8. Qe2 Nb8 9. Nf3 Ne7 10. 0-0 Nbc6 11. Qd3 Nf5 12. a3 Bxc3 13. Bxc3 h5 14. Be1 Nce7 15. Nh4 Rc8 16. Nxf5 Nxf5 17. Bf2 c5 18. dxc5 bxc5 19. c4 d4 20. b4 0-0 21. b5 f6 22. Rfe1 fxe5 23. Rxe5 Rf6 24. Rae1 Qf7 25. Qe2 Rd8 26. Rxc5 d3 27. Qd2 Rg6 28. Rc6 h4 29. Bc5 h3 30. g3 Nh4 31. Rf1 Qf5 32. Be7 Qg4 33. Bxd8 Nf3+ 34. Rxf3 Qxf3 35. Bg5 Rxg5 36. fxg5 e5 37. g6 Qf2+ 1-0

[Event "Mecklenburg VP LL 0405"]
[Site "Mecklenburg VP"]
[Date "2004.11.14"]
[Round "2.2"]
[White "Westphal, Matthias"]
[Black "Illgen, Alexander"]
[Result "0-1"]
[WhiteElo "2061"]
[BlackElo "1882"]
[PlyCount "75"]
[EventDate "2004.10.24"]
[EventType "team"]
[EventRounds "9"]
[EventCountry "GER"]
[SourceTitle "EXT 2009"]
[Source "ChessBase"]
[SourceDate "2008.11.26"]
[SourceVersion "1"]
[SourceVersionDate "2008.11.26"]
[SourceQuality "1"]
[WhiteTeam "Torgelow Greif"]
[BlackTeam "Ludwigslust"]
[WhiteTeamCountry "GER"]
[BlackTeamCountry "GER"]

1. Nf3 c5 2. g3 Nc6 3. Bg2 e5 4. d3 g6 5. c4 Bg7 6. Nc3 d6 7. Nd5 Nge7 8. Bg5 0-0 9. Nf6+ Kh8 10. Nd2 Nd4 11. h4 h6 12. Nde4 Ne6 13. Nd5 Nxg5 14. hxg5 Nxd5 15. cxd5 Kh7 16. gxh6 Bh8 17. Qd2 Bf6 18. b4 Bf5 19. Nxf6+ Qxf6 20. e4 Bd7 21. bxc5 dxc5 22. Qb2 Qd6 23. Bh3 Bxh3 24. Rxh3 b6 25. Ke2 f6 26. g4 Qd7 27. Rg1 g5 28. Qb3 b5 29. f3 a5 30. Rc1 a4 31. Qc3 b4 32. Qxc5 Rfc8 33. Qe3 b3 34. a3 Rxc1 35. Qxc1 Rc8 36. Qe3 b2 37. Rh1 Rc2+ 38. Qd2 0-1

[Event "Mecklenburg VP LL 0304"]
[Site "Mecklenburg VP"]
[Date "2004.02.15"]
[Round "6.2"]
[White "Westphal, Matthias"]
[Black "Hammel, Ralf"]
[Result "1/2-1/2"]
[WhiteElo "2032"]
[BlackElo "2120"]
[PlyCount "35"]
[EventDate "2003.09.28"]
[EventType "team-tourn"]
[EventRounds "9"]
[EventCountry "GER"]
[SourceTitle "EXT 2005"]
[Source "ChessBase"]
[SourceDate "2004.11.15"]
[SourceVersion "1"]
[SourceVersionDate "2004.11.15"]
[SourceQuality "1"]
[WhiteTeam "Torgelow"]
[BlackTeam "Rostock Uni"]
[WhiteTeamCountry "GER"]
[BlackTeamCountry "GER"]

1. Nf3 Nf6 2. g3 d5 3. Bg2 c5 4. 0-0 Nc6 5. d3 e6 6. Nbd2 Be7 7. c3 b6 8. Qa4 Qc7 9. Ne5 Bb7 10. f4 0-0 11. Ndf3 Bd6 12. d4 Ne4 13. Be3 c4 14. Nd2 Nxd2 15. Bxd2 f6 16. Ng4 f5 17. Ne5 a6 18. Nxc6 1/2-1/2

[Event "BL2-Nord 0203"]
[Site "Germany"]
[Date "2003.03.30"]
[Round "9.5"]
[White "Zimmermann, Julian"]
[Black "Westphal, Matthias"]
[Result "1-0"]
[WhiteElo "2194"]
[BlackElo "2266"]
[PlyCount "75"]
[EventDate "2002.10.20"]
[EventType "team-tourn"]
[EventRounds "9"]
[EventCountry "GER"]
[SourceTitle "EXT 2004"]
[Source "ChessBase"]
[SourceDate "2003.11.25"]
[SourceVersion "1"]
[SourceVersionDate "2003.11.25"]
[SourceQuality "1"]
[WhiteTeam "Hamburg Koenigsspringer"]
[BlackTeam "Werder Bremen II"]
[WhiteTeamCountry "GER"]
[BlackTeamCountry "GER"]

1. e4 e6 2. d4 d5 3. Nc3 Bb4 4. e5 Qd7 5. Qg4 f5 6. Qg3 b6 7. Be3 Bxc3+ 8. bxc3 Ba6 9. Bxa6 Nxa6 10. Ne2 Nb8 11. Nf4 Kf7 12. 0-0 Ne7 13. Qh3 Nbc6 14. Qh5+ Kg8 15. Rad1 Na5 16. Bc1 Nc4 17. Rd3 Rf8 18. Rg3 Rf7 19. Rd1 Ng6 20. Nxg6 hxg6 21. Qxg6 Rf8 22. Rdd3 Qf7 23. Qg5 Rh5 24. Qf4 Rd8 25. Rg5 Rd7 26. Rdg3 Rh7 27. Rh3 Rxh3 28. gxh3 Kf8 29. Qh4 Ke8 30. Rh5 Qg6+ 31. Kf1 Re7 32. Bg5 Rf7 33. Rh8+ Kd7 34. Ra8 f4 35. Qh8 Ne3+ 36. Ke1 Nxc2+ 37. Kd2 Kc6 38. Qe8+ 1-0

[Event "Mecklenburg VP LL 0203"]
[Site "Mecklenburg VP"]
[Date "2003.03.09"]
[Round "8.2"]
[White "Schwahn, Christian"]
[Black "Westphal, Matthias"]
[Result "1/2-1/2"]
[WhiteElo "2024"]
[BlackElo "2034"]
[PlyCount "34"]
[EventDate "2002.10.20"]
[EventType "team-tourn"]
[EventRounds "9"]
[EventCountry "GER"]
[SourceTitle "EXT 2016"]
[Source "ChessBase"]
[SourceDate "2015.10.08"]
[SourceVersion "1"]
[SourceVersionDate "2015.10.08"]
[SourceQuality "1"]
[WhiteTeam "Stralsund FHSG"]
[BlackTeam "Torgelow"]
[WhiteTeamCountry "GER"]
[BlackTeamCountry "GER"]

1. e4 e5 2. Nf3 d6 3. d4 Nf6 4. Nc3 Nbd7 5. Bd3 Be7 6. 0-0 0-0 7. dxe5 dxe5 8. Bg5 c6 9. Bh4 Nxe4 10. Bxe7 Nxc3 11. Bxd8 Nxd1 12. Be7 Re8 13. Ba3 e4 14. Bxe4 Rxe4 15. Raxd1 Nf6 16. Rd8+ Re8 17. Rxe8+ Nxe8 1/2-1/2

[Event "BL2-Nord 0203"]
[Site "Germany"]
[Date "2003.02.23"]
[Round "7.5"]
[White "Mueller, Michael"]
[Black "Westphal, Matthias"]
[Result "0-1"]
[WhiteElo "2188"]
[BlackElo "2266"]
[PlyCount "54"]
[EventDate "2002.10.20"]
[EventType "team-tourn"]
[EventRounds "9"]
[EventCountry "GER"]
[SourceTitle "EXT 2004"]
[Source "ChessBase"]
[SourceDate "2003.11.25"]
[SourceVersion "1"]
[SourceVersionDate "2003.11.25"]
[SourceQuality "1"]
[WhiteTeam "Berlin Rotation"]
[BlackTeam "Werder Bremen II"]
[WhiteTeamCountry "GER"]
[BlackTeamCountry "GER"]

1. d4 d5 2. c4 c6 3. Nc3 Nf6 4. Nf3 dxc4 5. a4 Bf5 6. e3 e6 7. Bxc4 Bb4 8. 0-0 0-0 9. Qb3 Qe7 10. Re1 a5 11. Bd2 Bg6 12. Nh4 Nbd7 13. Nxg6 hxg6 14. e4 e5 15. dxe5 Nxe5 16. Bf1 Rad8 17. Rad1 Rd7 18. Bg5 Rfd8 19. Rxd7 Rxd7 20. h3 Bc5 21. Be3 Bxe3 22. Rxe3 Qc5 23. Na2 Rd2 24. Be2 b6 25. Bf3 Qd4 26. Nc3 Qb4 27. Nd1 Nxf3+ 0-1

[Event "BL2-Nord 0203"]
[Site "Germany"]
[Date "2003.02.09"]
[Round "6.4"]
[White "Pedersen, Jan Noergard"]
[Black "Westphal, Matthias"]
[Result "1-0"]
[WhiteElo "2407"]
[BlackElo "2266"]
[PlyCount "87"]
[EventDate "2002.10.20"]
[EventType "team-tourn"]
[EventRounds "9"]
[EventCountry "GER"]
[SourceTitle "EXT 2004"]
[Source "ChessBase"]
[SourceDate "2003.11.25"]
[SourceVersion "1"]
[SourceVersionDate "2003.11.25"]
[SourceQuality "1"]
[WhiteTeam "Preetz"]
[BlackTeam "Werder Bremen II"]
[WhiteTeamCountry "GER"]
[BlackTeamCountry "GER"]

1. g3 Nf6 2. Bg2 d5 3. Nf3 c6 4. 0-0 Bf5 5. d3 e6 6. Nbd2 h6 7. b3 Be7 8. Bb2 0-0 9. Re1 a5 10. a3 Bh7 11. e4 Na6 12. Qe2 Rc8 13. Ne5 a4 14. b4 b5 15. c4 dxe4 16. dxe4 Qb6 17. c5 Qc7 18. Ng4 Nb8 19. Bxf6 Bxf6 20. Nxf6+ gxf6 21. Nf3 Nd7 22. Rad1 Rfd8 23. Rd6 Nf8 24. Red1 Rxd6 25. cxd6 Qd8 26. e5 Nd7 27. Nd4 Nxe5 28. f4 Nc4 29. Nxe6 fxe6 30. Qxe6+ Kg7 31. d7 Rb8 32. Qxc6 Qe7 33. Qc5 Qd8 34. Re1 Bg6 35. Re7+ Kh8 36. f5 Bh5 37. g4 Bxg4 38. Re8+ Qxe8 39. dxe8Q+ Rxe8 40. Qxb5 Re1+ 41. Kf2 Re2+ 42. Kg3 Ne5 43. Be4 Bh5 44. Qb8+ 1-0

[Event "Mecklenburg VP LL 0203"]
[Site "Mecklenburg VP"]
[Date "2002.??.??"]
[Round "1.2"]
[White "Poucher, Sloima"]
[Black "Westphal, Matthias"]
[Result "1/2-1/2"]
[WhiteElo "2223"]
[BlackElo "2034"]
[PlyCount "92"]
[EventDate "2002.10.20"]
[EventType "team-tourn"]
[EventRounds "9"]
[EventCountry "GER"]
[SourceTitle "EXT 2016"]
[Source "ChessBase"]
[SourceDate "2015.10.08"]
[SourceVersion "1"]
[SourceVersionDate "2015.10.08"]
[SourceQuality "1"]
[WhiteTeam "Schwerin SV Einheit"]
[BlackTeam "Torgelow"]
[WhiteTeamCountry "GER"]
[BlackTeamCountry "GER"]

1. d4 Nf6 2. c4 d6 3. Nc3 Nbd7 4. e4 e5 5. d5 Be7 6. Nf3 0-0 7. Be2 Nc5 8. Qc2 a5 9. 0-0 Ne8 10. Be3 Na6 11. a3 f5 12. exf5 Bxf5 13. Bd3 Qd7 14. Rfb1 Bxd3 15. Qxd3 Qg4 16. h3 Qh5 17. Ne4 Qg6 18. Nfd2 Nf6 19. Nxf6+ Qxf6 20. b4 axb4 21. axb4 Nxb4 22. Qb3 Rxa1 23. Rxa1 c5 24. dxc6 Nxc6 25. Qxb7 Nd8 26. Qd5+ Qf7 27. Ra7 Qxd5 28. cxd5 Re8 29. Ne4 Nf7 30. Kf1 Kf8 31. Ke2 Rb8 32. Kd3 Ke8 33. Bd2 Bd8 34. Be3 Be7 35. Nd2 Bf6 36. Nc4 Rb3+ 37. Kc2 Rb4 38. Kc3 Rb1 39. Ra6 Kd7 40. Nb6+ Ke7 41. Ra7+ Ke8 42. Kd3 Rb3+ 43. Kc2 Rb5 44. Ra8+ Bd8 45. Rb8 Ra5 46. Kc3 Ke7 1/2-1/2

[Event "BL2-Nord 0001"]
[Site "Germany"]
[Date "2001.04.29"]
[Round "9.5"]
[White "Jasnikowski, Zbigniew"]
[Black "Westphal, Matthias"]
[Result "1-0"]
[WhiteElo "2451"]
[BlackElo "2271"]
[PlyCount "57"]
[EventDate "2000.10.15"]
[EventType "team-tourn"]
[EventRounds "9"]
[EventCountry "GER"]
[SourceTitle "CBM 082 Extra"]
[Source "ChessBase"]
[SourceDate "2001.07.03"]
[SourceVersion "1"]
[SourceVersionDate "2001.07.03"]
[SourceQuality "1"]
[WhiteTeam "Neukloster"]
[BlackTeam "Werder Bremen II"]
[WhiteTeamCountry "GER"]
[BlackTeamCountry "GER"]

1. d4 d5 2. c4 c6 3. Nf3 Nf6 4. Nc3 dxc4 5. a4 Bf5 6. e3 e6 7. Bxc4 Bb4 8. 0-0 0-0 9. Nh4 Bg4 10. f3 Bh5 11. g4 Bg6 12. e4 Nbd7 13. g5 Ne8 14. Nxg6 hxg6 15. f4 Nd6 16. Bd3 c5 17. d5 Bxc3 18. bxc3 exd5 19. e5 Nf5 20. Bxf5 gxf5 21. Qh5 Qb6 22. Be3 Rfd8 23. Rab1 Qc6 24. Rf3 Nf8 25. Rh3 Ng6 26. e6 Kf8 27. Rxb7 Qxb7 28. Bxc5+ Ke8 29. Qh8+ 1-0

[Event "Mecklenburg VP LL2 Ost 0001"]
[Site "Mecklenburg VP"]
[Date "2001.04.29"]
[Round "9.1"]
[White "Westphal, Matthias"]
[Black "Kohn, Thomas2222"]
[Result "1-0"]
[WhiteElo "2059"]
[BlackElo "1930"]
[PlyCount "61"]
[EventDate "2000.10.15"]
[EventType "team-tourn"]
[EventRounds "9"]
[EventCountry "GER"]
[SourceTitle "EXT 2016"]
[Source "ChessBase"]
[SourceDate "2015.10.08"]
[SourceVersion "1"]
[SourceVersionDate "2015.10.08"]
[SourceQuality "1"]
[WhiteTeam "Torgelow Greif"]
[BlackTeam "Stralsund FHSG II"]
[WhiteTeamCountry "GER"]
[BlackTeamCountry "GER"]

1. Nf3 Nf6 2. g3 d5 3. Bg2 c5 4. 0-0 Nc6 5. d3 e5 6. Nbd2 Be7 7. e4 d4 8. Nc4 Qc7 9. a4 Be6 10. b3 Bxc4 11. bxc4 0-0 12. Bh3 a6 13. Nh4 g6 14. Ng2 b5 15. Bh6 Rfb8 16. axb5 axb5 17. Rxa8 Rxa8 18. cxb5 Nb4 19. f4 exf4 20. Bxf4 Qb7 21. Bg5 Nxe4 22. Bxe7 Nc3 23. Qf3 Qxf3 24. Rxf3 Ra1+ 25. Rf1 Rxf1+ 26. Kxf1 Nxb5 27. Ne1 Na3 28. Bxc5 Naxc2 29. Nxc2 Nxc2 30. Ke2 f5 31. Kd2 1-0

[Event "Mecklenburg VP LL 0102"]
[Site "Mecklenburg VP"]
[Date "2001.??.??"]
[Round "3.1"]
[White "Luethke, Hans Eckart"]
[Black "Westphal, Matthias"]
[Result "1-0"]
[WhiteElo "2202"]
[BlackElo "2031"]
[PlyCount "73"]
[EventDate "2001.10.07"]
[EventType "team-tourn"]
[EventRounds "9"]
[EventCountry "GER"]
[SourceTitle "EXT 2022"]
[Source "ChessBase"]
[SourceDate "2021.10.06"]
[SourceVersion "1"]
[SourceVersionDate "2021.10.06"]
[SourceQuality "1"]
[WhiteTeam "Schwerin Schachfreunde II"]
[BlackTeam "Torgelow Greif"]
[WhiteTeamCountry "GER"]
[BlackTeamCountry "GER"]

1. Nf3 Nf6 2. b3 d6 3. d4 g6 4. Bb2 Bg7 5. e3 0-0 6. h3 e5 7. dxe5 Nfd7 8. Be2 Nc6 9. 0-0 Ncxe5 10. Nxe5 Nxe5 11. Nc3 Be6 12. Qd2 f5 13. Rad1 Nf7 14. f4 Re8 15. Na4 Bxb2 16. Nxb2 Qf6 17. c4 Re7 18. Bf3 c6 19. Rfe1 Rae8 20. Nd3 Bc8 21. Nf2 g5 22. Bh5 gxf4 23. exf4 Rxe1+ 24. Rxe1 Rxe1+ 25. Qxe1 Qe6 26. Qc3 Bd7 27. Kh2 Qh6 28. Qg3+ Kf8 29. Bd1 Qf6 30. Qe3 b6 31. Bf3 Qb2 32. a4 Nd8 33. a5 Ne6 34. axb6 axb6 35. Qxb6 Nc5 36. Qd8+ Kf7 37. Nd3 1-0

[Event "Oberliga Nord W 9899"]
[Site "Germany"]
[Date "1999.03.07"]
[Round "7.4"]
[White "Westphal, Matthias"]
[Black "Homuth, Wolfgang"]
[Result "1-0"]
[WhiteElo "2270"]
[BlackElo "2225"]
[PlyCount "68"]
[EventDate "1998.10.??"]
[EventType "team"]
[EventRounds "9"]
[EventCountry "GER"]
[SourceTitle "EXT 2003"]
[Source "ChessBase"]
[SourceDate "2002.11.25"]
[SourceVersion "1"]
[SourceVersionDate "2002.11.25"]
[SourceQuality "1"]
[WhiteTeam "Werder Bremen II"]
[BlackTeam "Delmenhorst II"]
[WhiteTeamCountry "GER"]
[BlackTeamCountry "GER"]

1. Nf3 d5 2. g3 Nf6 3. Bg2 c6 4. 0-0 Bg4 5. d3 Nbd7 6. Nbd2 e6 7. c4 Bd6 8. b3 0-0 9. Bb2 Qe7 10. a3 a5 11. Qc2 e5 12. e4 dxe4 13. dxe4 Rfe8 14. h3 Bh5 15. Nh4 Bc5 16. Nf5 Qd8 17. g4 Bg6 18. Rad1 Qc7 19. Rfe1 Nf8 20. Nf3 N6d7 21. Qc3 f6 22. b4 axb4 23. axb4 Be7 24. c5 Ne6 25. Bf1 Kh8 26. Bc4 Ndf8 27. Qb3 Bf7 28. g5 b5 29. cxb6 Qxb6 30. gxf6 gxf6 31. Nxe5 Bg8 32. Ng4 h5 33. Nxe7 hxg4 34. Bxf6+ Kh7 1-0

[Event "Oberliga Nord W 9697"]
[Site "Germany"]
[Date "1997.02.02"]
[Round "5.6"]
[White "Kiese, Matthias"]
[Black "Westphal, Matthias"]
[Result "1/2-1/2"]
[WhiteElo "2165"]
[BlackElo "2275"]
[PlyCount "84"]
[EventDate "1996.10.??"]
[EventType "team"]
[EventRounds "9"]
[EventCountry "GER"]
[SourceTitle "EXT 2003"]
[Source "ChessBase"]
[SourceDate "2002.11.25"]
[SourceVersion "1"]
[SourceVersionDate "2002.11.25"]
[SourceQuality "1"]
[WhiteTeam "Hannover Post"]
[BlackTeam "Goettingen"]
[WhiteTeamCountry "GER"]
[BlackTeamCountry "GER"]

1. d4 d5 2. c4 c6 3. Nf3 Nf6 4. Nc3 dxc4 5. a4 Bf5 6. e3 e6 7. a5 Bb4 8. Qa4 Qe7 9. Bxc4 0-0 10. 0-0 Nbd7 11. Qb3 Rab8 12. Nh4 Bg4 13. f3 Bh5 14. g4 Bg6 15. Nxg6 hxg6 16. e4 e5 17. d5 Qc5+ 18. Kg2 Bxa5 19. Na4 Qb4 20. Qxb4 Bxb4 21. dxc6 bxc6 22. Be3 a5 23. Rfd1 Rfd8 24. Rd3 Nf8 25. Rad1 Rxd3 26. Rxd3 N6d7 27. b3 Be7 28. g5 Bb4 29. h4 Be7 30. h5 Rb7 31. Ba6 Rc7 32. Nb6 Nc5 33. Bxc5 Bxc5 34. Na4 Be7 35. hxg6 Nxg6 36. Kg3 Bxg5 37. Bc4 Be7 38. Rd1 Kf8 39. Kg4 Bf6 40. Rd2 Ke7 41. Nc5 Ke8 42. Rd1 Be7 1/2-1/2

[Event "Oberliga Nord W 9697"]
[Site "Germany"]
[Date "1996.12.08"]
[Round "3.6"]
[White "Hoerstmann, Rudi"]
[Black "Westphal, Matthias"]
[Result "1/2-1/2"]
[WhiteElo "2255"]
[BlackElo "2275"]
[PlyCount "42"]
[EventDate "1996.10.??"]
[EventType "team"]
[EventRounds "9"]
[EventCountry "GER"]
[SourceTitle "EXT 2003"]
[Source "ChessBase"]
[SourceDate "2002.11.25"]
[SourceVersion "1"]
[SourceVersionDate "2002.11.25"]
[SourceQuality "1"]
[WhiteTeam "Isernhagen"]
[BlackTeam "Goettingen"]
[WhiteTeamCountry "GER"]
[BlackTeamCountry "GER"]

1. d4 d5 2. c4 c6 3. Nf3 Nf6 4. Qc2 g6 5. Bf4 Bg7 6. e3 0-0 7. h3 Bf5 8. Qb3 Qb6 9. c5 Qxb3 10. axb3 Nbd7 11. Nbd2 Ne4 12. b4 Nxd2 13. Kxd2 f6 14. b5 e5 15. Bh2 Be4 16. bxc6 bxc6 17. Ba6 Rab8 18. Kc3 Bxf3 19. gxf3 f5 20. Be2 Rb7 21. Ba6 Rbb8 1/2-1/2

[Event "Oberliga Nord W 9596"]
[Site "Germany"]
[Date "1996.05.12"]
[Round "9.5"]
[White "Westphal, Matthias"]
[Black "Klostermann, Markus"]
[Result "1/2-1/2"]
[WhiteElo "2275"]
[BlackElo "2290"]
[PlyCount "73"]
[EventDate "1995.10.??"]
[EventType "team"]
[EventRounds "9"]
[EventCountry "GER"]
[SourceTitle "EXT 2003"]
[Source "ChessBase"]
[SourceDate "2002.11.25"]
[SourceVersion "1"]
[SourceVersionDate "2002.11.25"]
[SourceQuality "1"]
[WhiteTeam "Goettingen"]
[BlackTeam "Werder Bremen II"]
[WhiteTeamCountry "GER"]
[BlackTeamCountry "GER"]

1. Nf3 c5 2. g3 b6 3. Bg2 Bb7 4. 0-0 Nf6 5. c4 e6 6. Nc3 Be7 7. Re1 0-0 8. e4 d6 9. d4 cxd4 10. Nxd4 Qc8 11. b3 a6 12. Bb2 Nbd7 13. h3 Qc7 14. g4 g6 15. Qd2 Rfe8 16. Rad1 Rad8 17. Nde2 Qb8 18. Ng3 Ne5 19. g5 Nfd7 20. h4 Ba8 21. f4 Nc6 22. Nd5 exd5 23. exd5 Nce5 24. fxe5 Nxe5 25. Ne4 b5 26. cxb5 Qxb5 27. Rf1 Qd7 28. Qf2 Rc8 29. Bxe5 dxe5 30. Qxf7+ Kh8 31. d6 Rc2 32. dxe7 Rxg2+ 33. Kxg2 Qg4+ 34. Kf2 Qxh4+ 35. Kg1 Qg4+ 36. Kf2 Qh4+ 37. Kg1 1/2-1/2